| 000 | 00570nam a2200181Ia 4500 | ||
|---|---|---|---|
| 008 | 190422s9999 xx 000 0 und d | ||
| 100 | _aBernardo, Allan B. I | ||
| 245 | _aExploring political values of Filipinos using an etic approach / | ||
| 245 | _cAllan B. I. Bernardo .-- | ||
| 260 | _bPsychological Association of the Philippines | ||
| 260 | _c2017 | ||
| 300 | _apages 7-38, December 2017 | ||
| 440 |
_aPhilippine Journal of Psychology _v50(2) |
||
| 650 | _aEtic Approach | ||
| 650 | _aPolitical Values | ||
| 650 | _aSocial Axioms | ||
| 650 | _aValue Types | ||
| 999 |
_c361462 _d361462 |
||